| 000 | 01381nam a2200289 a 4500 | ||
|---|---|---|---|
| 005 | 20191224042325.0 | ||
| 008 | 170531b2016 ck abdofr|||| 00| 0 spa d | ||
| 020 | _a9789588901305 (impreso) | ||
| 020 | _a9789588901312 (digital) | ||
| 040 |
_aCO-BoIAVH _cCO-BoIAVH |
||
| 041 | 0 | _aspa | |
| 044 | _ack | ||
| 082 | 0 | 4 |
_a639.979769 _bP69m |
| 245 | 0 | 0 |
_aPlan de manejo para la conservación de las nutrias (Lontra longicaudis y Pteronura brasiliensis) en Colombia / _cMinisterio de Ambiente y Desarrollo Sostenible. Dirección de Bosques, Biodiversidad y Servicios Ecosistémicos |
| 260 |
_aBogotá (Colombia) : _bMinisterio de Ambiente y Desarrollo Sostenible : _bFundación Omacha, _c2016. |
||
| 300 |
_a100 páginas : _bilustraciones a color, tablas y fotografías a color ; _c28 x 22 cm. |
||
| 504 | _aIncluye referencias bibliográficas: páginas 90-100. | ||
| 538 | _aRequiere Acrobat Reader o programa similar de apertura de archivos en pdf. | ||
| 650 | 2 | 6 | _aMamíferos acuáticos |
| 650 | 2 | 6 | _aNutria |
| 650 | 2 | 4 | _aLontra longicaudis (nutria neotropical) |
| 650 | 2 | 4 | _aPteronura brasiliensis (nutria gigante) |
| 650 | 2 | 6 | _aConservación de la diversidad biológica |
| 650 | 2 | 6 | _aEspecies en peligro de extinción |
| 710 | 1 |
_aColombia _bMinisterio de Medio Ambiente y Desarrollo Sostenible |
|
| 942 |
_2ddc _cLIBRO |
||
| 999 |
_c19525 _d19525 |
||